LEADER 01260nam 2200409 450 001 9910511998203321 010 $a3-7369-4708-9 035 $a(CKB)4340000000200695 035 $a(MiAaPQ)EBC5022766 035 $a(EXLCZ)994340000000200695 100 $a20171002h20142014 uy 0 101 0 $aeng 135 $aurcnu|||||||| 181 $2rdacontent 182 $2rdamedia 183 $2rdacarrier 200 10$aInteraction of femtosecond lasers with semiconductors $eterahertz frequency combs and terahertz steering /$fvon Heiko Fu?ser 205 $a1. Auflage. 210 1$aGo?ttingen, [Germany] :$cCuvillier Verlag,$d2014. 210 4$d©2014 215 $a1 online resource (143 pages) 311 $a3-95404-708-X 320 $aIncludes bibliographical references. 606 $aSemiconductor lasers 606 $aEnergy conversion efficiency 608 $aElectronic books. 615 0$aSemiconductor lasers. 615 0$aEnergy conversion efficiency. 676 $a621.366 700 $aFu?ser$b Heiko$01068249 801 0$bMiAaPQ 801 1$bMiAaPQ 801 2$bMiAaPQ 906 $aBOOK 912 $a9910511998203321 996 $aInteraction of femtosecond lasers with semiconductors$92552811 997 $aUNINA LEADER 02851nam 22005415 450 001 9910373883603321 005 20250403083506.0 010 $a9783658290627 010 $a3658290625 024 7 $a10.1007/978-3-658-29062-7 035 $a(CKB)4940000000158919 035 $a(MiAaPQ)EBC6005460 035 $a(DE-He213)978-3-658-29062-7 035 $a(PPN)242844170 035 $a(EXLCZ)994940000000158919 100 $a20200103d2020 u| 0 101 0 $aeng 135 $aurcnu|||||||| 181 $ctxt$2rdacontent 182 $cc$2rdamedia 183 $acr$2rdacarrier 200 10$aBribery, Fraud, Cheating $eHow to Explain and to Avoid Organizational Wrongdoing /$fedited by Markus Pohlmann, Gerhard Dannecker, Elizangela Valarini 205 $aFirst edition 2020. 210 1$aWiesbaden :$cSpringer Fachmedien Wiesbaden :$cImprint: Springer VS,$d2020. 215 $a1 online resource (350 pages) 225 1 $aOrganization, Management and Crime - Organisation, Management und Kriminalität 311 08$a9783658290610 311 08$a3658290617 327 $aThe fight against organized crime -- Anti-corruption in Brazil -- Corruption issues and corporate compliance in China -- Manipulation of medical patient data in organ transplantation -- Overcoming the current system of corporate criminal law -- Systemic and preventive effects of the market economy. 330 $a"In the fight against organizational malpractice and organized crime, both international guidelines and national regulations have become stricter. Nevertheless, the results seem not to reach the expected change. Corruption scandals involving large companies, political parties, sports organizations, hospitals, etc. have not come to an end. In order to explain the collective illegality within and through organizations of different sectors and embedded in different cultures, this conference proceedings gathers articles about corporate and organized crime by international renowned scientists and experts. The focus is on similarities and differences in current corruption cases and other forms of crime as well as questions about conventional and alternative prevention measures." -- Publisher's description. 410 0$aOrganization, Management and Crime - Organisation, Management und Kriminalität 606 $aCriminology 606 $aEconomics$xSociological aspects 606 $aArea studies 615 0$aCriminology. 615 0$aEconomics$xSociological aspects. 615 0$aArea studies. 676 $a364.168 702 $aPohlmann$b Markus$4edt 702 $aDannecker$b Gerhard$4edt 702 $aValarini$b Elizangela$4edt 801 0$bMiAaPQ 801 1$bMiAaPQ 801 2$bMiAaPQ 906 $aBOOK 912 $a9910373883603321 996 $aBribery, Fraud, Cheating$91756681 997 $aUNINA